Регионална библиотека "Любен Каравелов" - Русе

Парижкият вариант (Запис номер 99182)

MARC детайли
000 -Лидер
Контролно поле с фиксирана дължина 01316nam a2200349 c 4500
003 - Код на организацията, давaща контролен номер
Контролно поле BLK
005 - Дата и час на последна редакция
Контролно поле 20250505102927.0
008 - Елементи от данни с фиксирана дължина
fixed length control field 180409b bul|||||r ||||||| ||bul||
010 ## - Наследен системен номер
LC control number KNG00104181000
020 ## - Международен стандартен номер на книга ISBN
Международен стандартен номер на книга ISBN 954-733-286-4
-- издат.: Прозорец
040 ## - Източник на каталожния запис
Идентификатор на билиотеката - собственик на записа BLK
041 ## - Код за език
Код за езика на текст/звукозапис или на отделно заглавие Български
Код за езика КДБФ Български
080 ## - УДК
Текстов определител УДК Американска литература (на САЩ)
УДК код - определител по УДК 821.111(73)
УДК определител -312.4
УДК - код + определител 821.111(73)-312.4
100 1# - Редна дума - Автор
Автор Лъдлъм, Робърт
Авторска отговорност първи автор
R(LIN) 241671
139 ## - Редно поле
Редна дума Лъдлъм, Робърт
Авторски знак Лъв - Л 93
245 10 - Сведения за заглавието
Заглавие Парижкият вариант
Подзаглавни данни Роман
Редно поле (дума) Робърт Лъдлъм; прев. Йолина Миланова.
257 ## - Страна на издаване
Страна на създаване/издаване Съединени американски щати
260 ## - Област на издателските данни
-- София
Име на издателя, разпространителя и проч. Прозорец
Година на издаване 2002
Печатница София : Инвестпрес
300 ## - Физическа характеристика
Страници 399 с.
Размери/Мащаб 20 см
380 ## - Жанр
Жанр Худож. лит.
490 1# - СЕРИИ (Колекции)
Име на серия Колекция Робърт Лъдлъм
500 ## - Общи забележки
Забележка Ориг. загл. The Paris Option / Robert Ludlum. - Офс. изд.
653 ## - Ключова дума – ненормативна
Ключова дума романи
653 ## - Ключова дума – ненормативна
Ключова дума трилъри
700 1# - Други автори (авторска отговорност)
Лично име Миланова, Йолина Антонова
9 (RLIN) 363658
852 ## - Местоположение
Форматна сигнатура Цб 213109
856 4# - Електронен адрес и достъп
Електронен формат pdf - файл
Път до файла /url/
856 4# - Електронен адрес и достъп
Електронен формат pdf - файл
Път до файла /url/
942 ## - АРТИКУЛИ
Вид на библиотечния материал Книги
Скрит в OPAC Не
Koha issues (borrowed), all copies 70
944 ## - СЪЗДАВАНЕ И РЕДАКЦИЯ на ЗАПИСА
Създаване/Редакция Създаване
Дата на регистрацията/редакция 01.01.2002
Статус, дата на статуса Радостина Карадакова
Служител, извършил регистрацията/редакцията 30534
944 ## - СЪЗДАВАНЕ И РЕДАКЦИЯ на ЗАПИСА
Създаване/Редакция Редакция
Дата на регистрацията/редакция 15.01.2014
Статус, дата на статуса ф /
Служител, извършил регистрацията/редакцията
999 ## - СИСТЕМНИ КОНТРОЛНИ НОМЕРА
Koha biblionumber 99182
Koha biblioitemnumber 99182
Наличности
Код за отписване Код за изгубен артикул Източник на класификационната схема Код за повреда Коз за рестрикции Код за отдаване Артикулен № Име на библиотеката - собственик Име на библиотеката, в която се намира в момента Статус (Текущо местоположение) Дата на вписване в системата Местоположение - отдел Цена в лева Инвентарен номер Систематично азбучна сигнатура Баркод Номер на екземпляра Цена в евро Служебна бележка Служебен тип на артикула Бележка за публиката
  Не е изгубен Universal Decimal Classification Не е повреден без рестрикции заемане за дома 159798 Регионална библиотека "Любен Каравелов" Русе Регионална библиотека "Любен Каравелов" Русе Заемна - подръчен фонд 2002-11-15 Заемна - подръчен фонд 10.00 120000673295 П 820(73)-31/Л 93 120000673295 1 5.11 Дост: Pk Вид: Ф N: 38 Дата: 15.11.2002 Дата инв: 13.02.2018 Бележки инв: П2018 Книги  
  Не е изгубен   Не е повреден без рестрикции ползва се в читалня 159799 Регионална библиотека "Любен Каравелов" Русе Регионална библиотека "Любен Каравелов" Русе Хранилище 2003-11-26 Хранилище 10.00 120000680354 Цб 213109 120000680354 2 5.11 Дост: Dp Вид: Д N: 46 Дата: 06.11.2002 Книги  
Изтеглен Не е изгубен Universal Decimal Classification Не е повреден без рестрикции заемане за дома 159800 Регионална библиотека "Любен Каравелов" Русе Регионална библиотека "Любен Каравелов" Русе Заемна - подръчен фонд 2003-12-22 Заемна - подръчен фонд 10.00 120000681235 П 820(73)-31/Л 93 120000681235 3 5.11 Дост: Pk Вид: Ф N: 8854 Дата: 19.12.2003 Дата инв: 13.02.2018 Бележки инв: П2018 Книги  
Изтеглен Не е изгубен   Не е повреден без рестрикции заемане за дома 159801 Регионална библиотека "Любен Каравелов" Русе Регионална библиотека "Любен Каравелов" Русе   2004-04-26 Заемна - подръчен фонд 10.00 120000684859 П 820(73)-31/Л 93 120000684859 4 5.11 Дост: Pk Вид: Ф N: 8873 Дата: 23.04.2004 Книги Отч.N: 13 , Дата: 03.02.2018
Изтеглен Не е изгубен Universal Decimal Classification Не е повреден без рестрикции заемане за дома 159802 Регионална библиотека "Любен Каравелов" Русе Регионална библиотека "Любен Каравелов" Русе Заемна - подръчен фонд 2007-06-28 Заемна - подръчен фонд 10.00 120000715082 П 820(73)-31/Л 93 120000715082 5 5.11 Дост: DA Вид: А N: 5 Дата: 28.06.2007 Дата инв: 13.02.2018 Бележки инв: П2018 Книги  
  Не е изгубен Universal Decimal Classification Не е повреден без рестрикции заемане за дома 159803 Регионална библиотека "Любен Каравелов" Русе Регионална библиотека "Любен Каравелов" Русе Заемна - подръчен фонд 2013-12-09 Заемна - подръчен фонд 10.00 120000772701 П 821-31/Л 93 120000772701 6 5.11 Дост: DA Вид: А N: 20 Дата: 09.12.2013 Дата инв: 16.02.2018 Бележки инв: П2018 Книги  
Vip Innovations Ltd, Rousse, Bulgaria 2025